000 00992nas a2200253Ia 4500
001 R142/G2301
003 IT-RoPAU
008 151124c99999999xx |||||||||||| ||und||
040 _aIT-RoPAU
040 _cIT-RoPAU
041 _aFRANCESE
100 _aSegalen Martine
_gCodice Aut. SPICS: 54008
210 _aRESEAUX
222 _aReseaux
245 _aRESEAUX, N.096 (LUGLIO/AGOSTO 1999)
_bTelephone Des Familles (Le)
250 _a1a ed.
260 _aPARIS
_bHERMES
_c1999
501 _bPaulus - SPICS - Società San Paolo EM (non-commercial uses only)
_cCopyright2015
300 _a30 p. [15-44]
362 _aN.096 (LUGLIO/AGOSTO 1999)
500 _aTelefono Familiare. Materiali dell'Inchiesta: Dati Statistici e Ricerche Qualitative. Incontri e Scambi Telefonici tra Nonni e Nipotini, Uomini e Donne, tra Anziani e Adulti, tra Genitori e Figli che Hanno Lasciato il Focolare. Funzioni Differenti del Tel
650 _aCOMUNICAZIONE
_vPUBBLICAZIONE PERIODICA
942 _cCR
999 _c194764
_d194764